Fundamentals of probability and statistics: (Record no. 752)
[ view plain ]
| 000 -LEADER | |
|---|---|
| fixed length control field | 00687nam a22002057a 4500 |
| 005 - DATE AND TIME OF LATEST TRANSACTION | |
| control field | 20230707022344.0 |
| 008 - FIXED-LENGTH DATA ELEMENTS--GENERAL INFORMATION | |
| fixed length control field | 230131b |||||||| |||| 00| 0 eng d |
| 020 ## - INTERNATIONAL STANDARD BOOK NUMBER | |
| International Standard Book Number | 971-42-0523-9 |
| 082 ## - DEWEY DECIMAL CLASSIFICATION NUMBER | |
| Classification number | Fil. 519.2 F836 2004 |
| 100 ## - MAIN ENTRY--PERSONAL NAME | |
| Personal name | Frany, Marie-Wendy J. |
| Relator term | author |
| 245 ## - TITLE STATEMENT | |
| Title | Fundamentals of probability and statistics: |
| Remainder of title | for engineering / |
| Statement of responsibility, etc. | Marie-Wendy J. Frany, Miriam S. P. Galvez, Emy L. Vasquez |
| 260 ## - PUBLICATION, DISTRIBUTION, ETC. | |
| Place of publication, distribution, etc. | Bulacan: |
| Name of publisher, distributor, etc. | Trinitas Publishing, |
| Date of publication, distribution, etc. | c2004. |
| 300 ## - PHYSICAL DESCRIPTION | |
| Extent | 140p.; |
| Other physical details | ill. |
| 504 ## - BIBLIOGRAPHY, ETC. NOTE | |
| Bibliography, etc. note | Includes indexing and bibliography |
| 541 ## - IMMEDIATE SOURCE OF ACQUISITION NOTE | |
| Accession number | 1636 |
| 650 ## - SUBJECT ADDED ENTRY--TOPICAL TERM | |
| Topical term or geographic name entry element | Probabilities |
| 650 ## - SUBJECT ADDED ENTRY--TOPICAL TERM | |
| Topical term or geographic name entry element | Statistics |
| 700 ## - ADDED ENTRY--PERSONAL NAME | |
| Personal name | Galvez, Miriam P. |
| Relator term | author |
| 700 ## - ADDED ENTRY--PERSONAL NAME | |
| Personal name | Vasquez, Emy L. |
| Relator term | author |
| Withdrawn status | Lost status | Source of classification or shelving scheme | Damaged status | Not for loan | Home library | Current library | Date acquired | Total Checkouts | Full call number | Barcode | Date last seen | Copy number | Price effective from | Koha item type |
|---|---|---|---|---|---|---|---|---|---|---|---|---|---|---|
| Dewey Decimal Classification | ctu-moalboal | ctu-moalboal | 06/13/2011 | Fil. 519.2 F836 2004 | 1636 | 01/31/2023 | 1 | 01/31/2023 | Books-Filipiniana |